Every University and college in Philadelphia - Statistics

General Stats
  • This quiz has been taken 33 times
  • The average score is 5 of 29
Answer Stats
Starting Letter School % Correct
D Drexel University
93%
T Temple University
93%
U University of Pennsylvania
75%
L La Salle University
57%
S Saint Joseph's University
50%
T Thomas Jefferson University
43%
T The University of the Arts
36%
C Community College of Philadelphia
21%
C Chestnut Hill College
14%
U University of the Sciences
14%
H Holy Family University
11%
M Moore College of Art and Design
11%
P Peirce College
7%
T The Restaurant School at Walnut Hill College
7%
L Lincoln Tech
4%
P Pennsylvania Academy of the Fine Arts
4%
P Philadelphia College of Osteopathic Medicine
4%
W West Chester University in Philadelphia
4%
A Academy of Vocal Arts
0%
A ASPIRA City College
0%
C Curtis Institute of Music
0%
H Hussian School of Art
0%
J JNA Institute of Culinary Arts
0%
M Missio Seminary
0%
O Orleans Technical College
0%
P Prism Career Institute
0%
S Strayer University
0%
T Talmudical Yeshiva of Philadelphia
0%
U United Lutheran Seminary
0%
No matching quizzes found
Score Distribution
Percent of People with Each Score
Percentile by Number Answered
Your Score History
You have not taken this quiz